Текст томруулах:    
Green justice (Бичлэгийн дугаар. 145959)
000 -УДИРДЛАГА
Удирдлага 01022nam a22003257a 4500
003 - ХЯНАЛТЫН ТОО ТОДОРХОЙЛОГЧ
Код MN-UlNUM
005 - БИЧИЛТ ХИЙСЭН ОГНОО
Тухайн бичилтийг бичсэн засварласан сүүлийн огноо 20251217135649.0
008 - ЕРӨНХИЙ МЭДЭЭЛЭЛ
Ерөнхий мэдээлэл 251217s1987 cou|b||| |||| 001 0 eng |
020 ## - ISBN
ISBN 0813302617
-- 0813302625
040 ## - БИЧЛЭГ ҮҮСГЭГЧ БАЙГУУЛЛАГА
Бичлэг үүсгэгч номын сангийн код МУИС-ийн номын сан
084 ## - ББК АНГИЛАЛ
Нэмэлт тусгалт Бусад
ББК ангилал 60.54
Зохиогчийн гурван тэмдэгт H 71
Мэдлэгийн ялгаа 6 - Нийгэм
100 1# - ЗОХИОГЧ
Зохиогчийн нэр Hoban, Thomas More.
245 10 - ҮНДСЭН ГАРЧИГ
Номын нэр Green justice
Бага гарчгийн мэдээ The environment and the courts
Оролцогчдын тухай мэдээ Thomas More Hoban and Richard Oliver Brooks.
260 ## - ГАРАЛТЫН МЭДЭЭ
Хэвлэгдсэн газар Boulder :
Хэвлэлийн газар Westview Press,
Хэвлэгдсэн он 1987.
300 ## - МАТЕРИАЛЫН ТОДОРХОЙЛОЛТ
хуудасны тоо xi, 250 p. ;
Хэмжээ 23 cm.
500 ## - Тайлбар
Дансны дугаар БС 4599
546 ## - ХЭЛНИЙ ТУХАЙ МЭДЭЭ
Хэл Англи хэл дээр,
653 ## - Түлхүүр үг
Түлхүүр үг environmental law
653 ## - Түлхүүр үг
Түлхүүр үг pollution
653 ## - Түлхүүр үг
Түлхүүр үг law and legislation
653 ## - Түлхүүр үг
Түлхүүр үг cases
700 1# - ХАМ ЗОХИОГЧИД
Ба бус Brooks, Richard Oliver.
740 ## - НОМЫН ГАРЧИГ
Гарчиг Three Environment Problems
740 ## - НОМЫН ГАРЧИГ
Гарчиг Legal Control of the Institutional Causes of Pollution
740 ## - НОМЫН ГАРЧИГ
Гарчиг Traditional Legal Concepts and Modern Environmental Problems
740 ## - НОМЫН ГАРЧИГ
Гарчиг The Ideals of Environmental Law
942 ## - ЭЛЕМЕНТИЙН ТӨРӨЛ
Зүйлийн төрөл Ном